Loreto College Library, Kolkata
WEBOPAC (ONLINE PUBLIC ACCESS CATALOGUE)

An Introduction to politics (Record no. 323)

MARC details
000 -LEADER
fixed length control field 00530nam a2200205Ia 4500
005 - DATE AND TIME OF LATEST TRANSACTION
control field 20210909105137.0
008 - FIXED-LENGTH DATA ELEMENTS--GENERAL INFORMATION
fixed length control field 131103s9999 xx 000 0 und d
040 ## - CATALOGING SOURCE
Original cataloging agency Loreto College
041 ## - LANGUAGE CODE
Language code English
082 ## - DDC | ডিউই
Classification number | বর্গসংখ্যা 320
Book Number | গ্রন্থাঙ্ক LAS
100 ## - MAIN ENTRY--PERSONAL NAME | মুখ্য সংলেখ - ব্যাক্তিনাম
Personal name | ব্যাক্তিনাম Laski, Harold J.
245 #3 - TITLE STATEMENT | অাখ্যা বিবরণী
Title | অাখ্যা An Introduction to politics
Statement of responsibility | লেখকের দায়িত্বের বিবরণ Harold J. Laski
260 ## - IMPRINT | প্রকাশনা ক্ষেত্র
Place of publication | প্রকাশ স্থান London
Name of publisher | প্রকাশকের নাম George Allen & Unwin
Date of publication | প্রকাশ কাল 1931(1939 printing)
300 ## - PHYSICAL DESCRIPTION |
Page / Vol. No | পৃষ্ঠা / খন্ড সংখ্যা 112 p.
504 ## - BIBLIOGRAPHY, ETC. NOTE
Bibliography, etc Includes index
650 ## - SUBJECT ADDED ENTRY--TOPICAL TERM | বিষয় শিরোনাম - মূল বিষয়
Topical term | মূল বিষয় Politics
651 ## - SUBJECT ADDED ENTRY--GEOGRAPHIC NAME | বিষয় শিরোনাম - ভৌগলিক নাম
Geographic name | ভৌগলিক বিষয় Political Science
850 ## - HOLDING INSTITUTION
Holding institution LCLIB
942 ## - ADDED ENTRY ELEMENTS (KOHA)
Koha item type Books
Holdings
Withdrawn status Lost status Source of classification Damaged status Not for loan Home library Current library Date acquired Total Checkouts Full call number Accession No. Date last seen Price effective from Koha item type Date checked out
    Dewey Decimal Classification     Loreto College Loreto College 04/11/2013   320 LAS 36249 B12686 04/11/2013 04/11/2013 Books  
    Dewey Decimal Classification     Loreto College Loreto College 04/11/2013 1 320 LAS 38065 B12687 23/09/2016 04/11/2013 Books 23/09/2016
    Dewey Decimal Classification     Loreto College Loreto College 04/11/2013 1 320 LAS 38221 B12688 19/01/2026 04/11/2013 Books 19/01/2026
    Dewey Decimal Classification     Loreto College Loreto College 04/11/2013 1 320 LAS B332 26/03/2018 04/11/2013 Books 26/03/2018